Cù lao Tràm : Tiểu thuyết

Tác phẩm viết công cuộc hợp tác hóa nông nghiệp ở Miền Nam và những phương thức quản lí và tiến hành của các nhà lãnh đạo địa phương. Một thời tác phẩm này đã gặp phải sự phản kháng gay gắt từ phía những nhà chính trị địa phương Na...

Deskribapen osoa

Gorde:
Xehetasun bibliografikoak
Egile nagusia: Nguyễn, Mạnh Tuấn
Formatua: Liburua
Hizkuntza:Undetermined
Argitaratua: Thành phố Hồ Chí Minh Văn nghệ 1985
Gaiak:
Etiketak: Etiketa erantsi
Etiketarik gabe, Izan zaitez lehena erregistro honi etiketa jartzen!
Thư viện lưu trữ: Trung tâm Học liệu Trường Đại học Cần Thơ
LEADER 00984nam a2200217Ia 4500
001 CTU_32195
008 210402s9999 xx 000 0 und d
082 |a 895.922333 
082 |b T502/T1 
100 |a Nguyễn, Mạnh Tuấn 
245 0 |a Cù lao Tràm : 
245 0 |b Tiểu thuyết 
245 0 |c Nguyễn Mạnh Tuấn 
260 |a Thành phố Hồ Chí Minh 
260 |b Văn nghệ 
260 |c 1985 
520 |a Tác phẩm viết công cuộc hợp tác hóa nông nghiệp ở Miền Nam và những phương thức quản lí và tiến hành của các nhà lãnh đạo địa phương. Một thời tác phẩm này đã gặp phải sự phản kháng gay gắt từ phía những nhà chính trị địa phương Nam Bộ. 
650 |a Vietnamese fiction 
650 |y 20th century 
904 |i Trong Hieu 
980 |a Trung tâm Học liệu Trường Đại học Cần Thơ